| 000 | 00906nam a2200265 a 4500 | ||
|---|---|---|---|
| 001 | BRCA_7236 | ||
| 005 | 20190320205748.0 | ||
| 008 | 240112s1919----gw-a######---#000-0#ger-# | ||
| 041 | _ager | ||
| 044 | _agw | ||
| 050 | 4 |
_aN8217 .E6 _b.S34 1919 |
|
| 100 | 1 |
_aSchiller, Friedrich _d1759-1805 _917927 |
|
| 245 | 1 | 0 |
_aDer Venuswagen _cvon Friedrich Schiller; Lithographie von Louis Corinth; eine Sammlung erotischer Privatdrucker mit Original Graphik; herausgeber Alfred Richard Meyer. |
| 260 |
_aBerlín _bF. Gurlitt _c1919 |
||
| 300 |
_a1 v. _bil., 7 láminas _c30 cm. |
||
| 500 | _aLa biblioteca tiene: v. 1.- Ejemplar numerado 306 de 700 | ||
| 500 | _aP142 | ||
| 650 | 1 | 4 |
_aArte erotico _917928 |
| 650 | 1 | 4 |
_aLitografías alemanas _917929 |
| 650 | 1 | 4 |
_aLiteratura erotica _917930 |
| 700 | 1 |
_aCorinth, Louis _917931 |
|
| 700 | 1 |
_aMayer, Alfred Richard _eed. _917932 |
|
| 902 | _aGFM | ||
| 942 |
_2lcc _cB |
||
| 999 |
_c6917 _d6917 |
||